Schnelle Mathematik - Multiplikation zur Basis 5 Level 04 - Statistiken

Allgemein
  • Dieses Quiz wurde 47 mal gespielt
  • Das Durchschnittsergebnis liegt bei 14 aus 20
Antwortstatistiken
Frage Antwort % Korrekt
0⋅1 0
100%
0⋅3 0
100%
0⋅11 0
100%
1⋅0 0
100%
3⋅0 0
100%
10⋅10 100
100%
4⋅10 40
100%
0⋅2 0
89%
4⋅0 0
88%
11⋅0 0
88%
10⋅2 20
88%
4⋅1 4
88%
0⋅0 0
86%
1⋅11 11
86%
1⋅2 2
86%
2⋅0 0
83%
1⋅10 10
82%
10⋅1 10
80%
11⋅11 121
80%
11⋅2 22
80%
10⋅11 110
78%
3⋅10 30
78%
3⋅11 33
78%
11⋅3 33
78%
11⋅1 11
75%
2⋅11 22
75%
1⋅3 3
75%
3⋅1 3
75%
0⋅10 0
71%
2⋅1 2
70%
2⋅2 4
70%
1⋅4 4
67%
11⋅4 44
67%
10⋅4 40
60%
10⋅3 30
57%
4⋅11 44
57%
0⋅4 0
56%
3⋅3 14
56%
11⋅10 110
50%
2⋅4 13
50%
2⋅10 20
50%
4⋅3 22
50%
10⋅0 0
44%
1⋅1 1
40%
2⋅3 11
40%
3⋅2 11
33%
4⋅2 13
27%
3⋅4 22
25%
4⋅4 31
20%
Keine übereinstimmenden Quizze gefunden
Verteilung der Resultate
Anzahl Personen mit jedem Resultat
Perzentil nach korrekt beantworteten Fragen
Ihre Resultats-Entwicklung
Sie haben dieses Quiz noch nicht gespielt